| 000 | 00587nam a22001815i 4500 | ||
|---|---|---|---|
| 001 | 54013 | ||
| 003 | ES-MaACL | ||
| 005 | 20230906162855.0 | ||
| 007 | t| | ||
| 008 | 960710m18741879po ||||1| por d | ||
| 040 |
_aCAM _bspa _cCAM |
||
| 100 | 1 |
_aFerreira Lapa, Joâo Ignacio. _950387 |
|
| 245 | 1 | 0 |
_aTechnologia rural ou Artes chimicas, agricolas e florestaes / _cpor Joâo Ignacio Ferreira Lapa. |
| 250 | _a2ª ed. corr. e augm. | ||
| 260 |
_aLisboa : _b[s.n.], _c1874-1879 ( _ftypographia da Academia Real das Sciencias) |
||
| 300 |
_a2v. ; _c22 cm. |
||
| 852 |
_aES-MaACL _jG-8477-8 |
||
| 999 |
_c54013 _d54013 |
||